Podział administracyjny Estonii - Statystyki

Ogólne statystyki
  • Ten quiz został rozwiązany 6 razy
  • Średni wynik to 4 z 15
Statystyki odpowiedzi
Obrazkowy Odpowiedź % Poprawnych
Saarema
83%
Hiiumaa
67%
Parnawa
50%
Harjumaa
33%
Virumaa Wschodnia
33%
Virumaa Zachodnia
33%
Jarvamaa
17%
Jogevamaa
17%
Laanemaa
17%
Polvamaa
17%
Raplamaa
17%
Tartu
17%
Valgamaa
17%
Vorumaa
17%
Viljandimaa
0%
Nie znaleziono quizów pasujących do podanych kryteriów
Rozkład punktacji
Procent ludzi z każdym wynikiem
Percentyl według liczby udzielonych odpowiedzi
Twoja historia wyników
Nie rozwiązałeś tego quizu